000
00204 a2200097 4500
020
_a
59063903x
041
_a
eng
100
_a
Barbara Park
245
_a
Junie B.Jones and the Stupid smelle bus
942
_c
K
999
_c
26878
_d
26878